| 000 | 00641nam a22001937a 4500 | ||
|---|---|---|---|
| 005 | 20220509113158.0 | ||
| 008 | 220509b ||||| |||| 00| 0 eng d | ||
| 040 | _cAL | ||
| 041 | _aTulu | ||
| 082 |
_223 _aT894.1 _bMANM |
||
| 100 |
_aMandara Keshava Bhatta ಮಂದಾರ ಕೇಶವ ಭಟ್ಟ _934958 |
||
| 245 | _aMandara Ramayana ಮಂದಾರ ರಾಮಾಯಣ | ||
| 260 |
_aManipala ಮಣಿಪಾಲ _bSahitya sangha ಸಾಹಿತ್ಯ ಸಂಘ _c1977 |
||
| 300 |
_a44 p. _bPB _c17x11 cm. |
||
| 365 |
_c₹ _d₹2.50 |
||
| 650 |
_atulu poetry _934959 |
||
| 700 |
_aMANDARA KESHAVA BHATTA _934960 |
||
| 942 |
_2ddc _cGF |
||
| 999 |
_c222843 _d222843 |
||